Lexique de la Grèce ancienne (notice n° 2198047)
[ vue normale ]
| 000 -LEADER | |
|---|---|
| fixed length control field | 00909cam a2200133 4500500 |
| 005 - DATE AND TIME OF LATEST TRANSACTION | |
| control field | 20260405085510.0 |
| 041 ## - LANGUAGE CODE | |
| Language code of text/sound track or separate title | fre |
| 042 ## - AUTHENTICATION CODE | |
| Authentication code | dc |
| 100 10 - MAIN ENTRY--PERSONAL NAME | |
| Personal name | Vial, Monique |
| Relator term | author |
| 245 00 - TITLE STATEMENT | |
| Title | Lexique de la Grèce ancienne |
| 260 ## - PUBLICATION, DISTRIBUTION, ETC. | |
| Name of publisher, distributor, etc. | Armand Colin,<br/> |
| Date of publication, distribution, etc. | 2008.<br/> |
| 520 ## - SUMMARY, ETC. | |
| Summary, etc. | Ce lexique s’attache avant tout à définir clairement les réalités essentielles du monde grec: institutions administratives, politiques et militaires, mais aussi notions morales et pratiques religieuses, faits économiques et sociaux, art.La présente édition a fait l’objet d’un remaniement en profondeur, en fonction de l’évolution des connaissances, de la façon d’aborder les problématiques et des nécessités pédagogiques. Il propose par ailleurs un appareil de cartes, plans et schémas. |
| 856 41 - ELECTRONIC LOCATION AND ACCESS | |
| Uniform Resource Identifier | <a href="https://shs.cairn.info/lexique-de-la-grece-ancienne--9782200354329?lang=fr&redirect-ssocas=7080">https://shs.cairn.info/lexique-de-la-grece-ancienne--9782200354329?lang=fr&redirect-ssocas=7080</a> |
Pas d'exemplaire disponible.




Réseaux sociaux